000 00904nam1a22002411i 4500
001 rc\3008685
005 20240726003400.0
035 _a(NLR Aleph) 007151348
090 _a7155017
_c7155017
100 _a20080417d1935 |||y0rusy50 ca
101 0 _arus
102 _aRU
105 _ay z ||||y
200 1 _aТеория фотографических процессов
_eТ. I-
_fК.В. Чибисов, д-р хим. наук
210 _aМосква
_cКинофотоиздат
_d1935
_gф-ка книги "Кр. пролетарий"
_g8-я тип. треста "Мособлполиграф"
215 _d26х18 см
300 _aПереплет: Д. Усов
700 1 _aЧибисов
_bК.В.
_f1897-1988
_gКонстантин Владимирович
702 1 _aУсов
_bД.
_4570
801 0 _aRU
_bNLR
_gpsbo
801 1 _aRU
_bELAR
_2rusmarc
852 _aNLR
_j35-19/129(1)
942 _cBOOK